Rating obcí a miest bakalárska práca

Uložené v:
Podrobná bibliografia
Hlavný autor: Kohútová, Emília
Korporativný autor: Národohospodárska fakulta EU. Katedra financií
Ďalší autori: Alexy, Martin, 1976-
Médium: Kniha
Jazyk:Slovak
Vydavateľské údaje: Bratislava 2009
Tagy: Pridať tag
Žiadne tagy, Buďte prvý, kto otaguje tento záznam!

MARC

LEADER 00000nam$a2200000$$$4500
001 0103085
005 20240318141506.0
041 0 |a slo 
044 |a SK 
245 1 0 |a Rating obcí a miest  |b bakalárska práca  |c Emília Kohútová ; škol. Martin Alexy 
264 1 |a Bratislava  |c 2009 
300 |a 39 s. 
100 1 |a Kohútová, Emília 
700 1 |a Alexy, Martin, 1976- 
710 2 |a Národohospodárska fakulta EU. Katedra financií